[Event "37th World Junior Girls"]
[Site "New Delhi IND"]
[Date "2019.10.17"]
[Round "3.28"]
[White "Noshin, Anjum"]
[Black "Dwilewicz, Katarzyna"]
[Result "0-1"]
[WhiteTitle "WFM"]
[BlackTitle "WFM"]
[WhiteElo "1793"]
[BlackElo "2106"]
[WhiteFideId "10218564"]
[BlackFideId "1148486"]
[EventDate "2019.10.15"]

1. e4 c5 2. Nf3 e6 3. d4 cxd4 4. Nxd4 Nc6 5. Nc3 Qc7 6. f4 a6 7. Nxc6 Qxc6 8.
Bd3 b5 9. Qe2 Bb7 10. Bd2 Bc5 11. O-O-O Ne7 12. a3 Rc8 13. Kb1 O-O 14. Qh5 f6
15. g4 d6 16. Rhf1 Qe8 17. Qh3 Ng6 18. Rde1 e5 19. f5 Nf4 20. Qf3 b4 21. axb4
Bxb4 22. h4 d5 23. Bxf4 d4 24. Ne2 Bxe1 25. Rxe1 exf4 26. Nxd4 Qa4 27. Ne6 Rfe8
28. Qxf4 Bd5 29. Qd6 Qa2+ 30. Kc1 Bxe6 31. fxe6 Rxe6 32. Qb4 a5 33. Qb7 Rec6 34.
Kd2 Qe6 35. g5 fxg5 36. hxg5 Qe5 37. Qb3+ Kh8 38. Qd5 Qxb2 39. Rh1 Rxc2+ 40.
Bxc2 Rxc2+ 41. Ke3 Re2+ 42. Kf4 Rf2+ 43. Kg3 Rf8 44. Qc5 Qb3+ 45. Kh2 Qf3 46.
Rg1 Qh5+ 47. Kg2 Qg4+ 48. Kh2 Qh4+ 49. Kg2 Qxe4+ 50. Kh2 Qh4+ 51. Kg2 Qg4+ 52.
Kh2 Qh5+ 53. Kg2 Qf3+ 54. Kh2 Qf2+ 55. Qxf2 Rxf2+ 56. Kg3 Rf8 57. Ra1 Ra8 58.
Ra4 Kg8 59. Kf4 Kf7 60. Kf5 Ra6 61. Ke5 Kg6 62. Kf4 Ra8 63. Kg4 Ra7 64. Kf4 Rf7+
65. Kg4 Rf5 0-1

[Event "37th World Junior Girls"]
[Site "New Delhi IND"]
[Date "2019.10.17"]
[Round "3.29"]
[White "Kairbekova, Amina"]
[Black "Mungunzul, Bat-Erdene"]
[Result "1-0"]
[WhiteTitle "WFM"]
[BlackTitle "WCM"]
[WhiteElo "2096"]
[BlackElo "1912"]
[WhiteFideId "13712799"]
[BlackFideId "4902831"]
[EventDate "2019.10.15"]

1. e4 e5 2. Nf3 Nc6 3. Bc4 Bc5 4. c3 Nf6 5. d4 exd4 6. e5 d5 7. Be2 Ne4 8. cxd4
Bb4+ 9. Bd2 Nxd2 10. Nbxd2 O-O 11. O-O Bg4 12. a3 Be7 13. Nb3 a5 14. Rc1 f6 15.
h3 Bh5 16. Nc5 Bxc5 17. Rxc5 Ne7 18. exf6 Rxf6 19. Ne5 Bxe2 20. Qxe2 c6 21. Ng4
Rg6 22. Qe5 Qd7 23. Re1 Nf5 24. Rxa5 Rf8 25. Qf4 Qd8 26. Ra4 Nh4 27. Qe5 h5 28.
Qxh5 Rf5 29. Ra8 Qxa8 30. Qxh4 Qf8 31. Re7 b6 32. Rd7 Rd6 33. Rb7 c5 34. Qg3 Rf4
35. Ne5 Rxd4 36. Ng6 Qf6 37. Ne7+ Kh8 38. Nf5 Rd1+ 39. Kh2 Rd8 40. Rxg7 Re8 41.
Rg6 1-0

[Event "37th World Junior Girls"]
[Site "New Delhi IND"]
[Date "2019.10.17"]
[Round "3.31"]
[White "Zhang, Xiao"]
[Black "Bhagyashree, Patil"]
[Result "1/2-1/2"]
[WhiteElo "2053"]
[BlackElo "1802"]
[WhiteFideId "8610894"]
[BlackFideId "25053256"]
[EventDate "2019.10.15"]

1. d4 d5 2. Nf3 Nf6 3. g3 e6 4. Bg2 Be7 5. O-O O-O 6. c4 b6 7. cxd5 exd5 8. Nc3
Bb7 9. Bf4 Nbd7 10. Rc1 c6 11. Ne5 Re8 12. e4 dxe4 13. Nxe4 Nxe5 14. dxe5 Nd5
15. Qa4 Nxf4 16. gxf4 Qc7 17. Rfd1 Red8 18. Rxd8+ Rxd8 19. Ng3 Bc5 20. b4 Rd4
21. Qxa7 Rxb4 22. Ne4 h6 23. a3 Rb5 24. Nxc5 bxc5 25. Qa4 Bc8 26. Qe4 Ra5 27. a4
Be6 28. Qxc6 Qxc6 29. Bxc6 Bb3 30. Rc3 c4 31. Bb5 Ra8 32. Bxc4 Bxa4 33. f5 Re8
34. e6 fxe6 35. fxe6 Re7 36. Kg2 g5 37. Kf3 Bc6+ 38. Kg4 Be4 39. Re3 Bg6 40. h4
gxh4 41. f4 Kg7 42. f5 Bh7 43. Bd3 Kf6 44. Rf3 Rg7+ 45. Kxh4 Rg1 46. Re3 Rg7 47.
Kh5 Re7 48. Kg4 Rg7+ 49. Kf4 Re7 50. Kg4 Ra7 51. Kf4 Ra4+ 52. Kf3 Ra8 53. Be4
Ra5 54. Bc2 Ra7 55. Kf4 Rc7 56. Bd3 Ra7 57. Rh3 Ra4+ 58. Ke3 Bxf5 59. Rf3 Kxe6
60. Rxf5 Rh4 61. Ra5 Rh1 62. Kd4 Kf6 63. Ra6+ Kg5 64. Rg6+ Kf4 65. Rf6+ Kg4 66.
Ke5 h5 67. Rg6+ Kh4 68. Kf4 Ra1 69. Rg2 Kh3 70. Rd2 Rh1 71. Bf5+ 1/2-1/2

[Event "37th World Junior Girls"]
[Site "New Delhi IND"]
[Date "2019.10.17"]
[Round "3.32"]
[White "Zhu, Jiner"]
[Black "Mirza, Diana"]
[Result "1-0"]
[WhiteTitle "WIM"]
[BlackTitle "WFM"]
[WhiteElo "2507"]
[BlackElo "1986"]
[WhiteFideId "8608059"]
[BlackFideId "2503999"]
[EventDate "2019.10.15"]

1. b4 e5 2. Bb2 Bxb4 3. Bxe5 Nf6 4. Nf3 Nc6 5. Bb2 d5 6. e3 O-O 7. Be2 Bf5 8.
O-O h6 9. d3 Qe7 10. a3 Bd6 11. Nbd2 Nd7 12. c4 dxc4 13. Nxc4 Nde5 14. Nfxe5
Nxe5 15. Nxd6 Qxd6 16. e4 Be6 17. d4 Nc4 18. Bc3 c6 19. Bb4 Qd7 20. Bxf8 Rxf8
21. Bxc4 Bxc4 22. Re1 Rd8 23. Qb1 b5 24. Rd1 Qe6 25. Rd2 a5 26. Qc2 a4 27. Re1
Qd6 28. Re3 Bb3 29. Qb2 Qg6 30. h3 Re8 31. d5 cxd5 32. Rg3 Qh7 33. exd5 g5 34.
d6 f5 35. d7 Rd8 36. Qe5 Qf7 37. Qc7 Qf6 38. Re3 Bf7 39. Rd6 1-0

[Event "37th World Junior Girls"]
[Site "New Delhi IND"]
[Date "2019.10.17"]
[Round "3.35"]
[White "Chandreyee, Hajra"]
[Black "Di Benedetto, Desiree"]
[Result "1-0"]
[WhiteTitle "WIM"]
[BlackTitle "FM"]
[WhiteElo "2024"]
[BlackElo "2235"]
[WhiteFideId "5056535"]
[BlackFideId "875813"]
[EventDate "2019.10.15"]

1. e4 e6 2. d4 d5 3. Nc3 Nf6 4. e5 Nfd7 5. f4 c5 6. Nf3 Nc6 7. Be3 cxd4 8. Nxd4
Bc5 9. Qd2 O-O 10. Be2 a6 11. O-O Nxd4 12. Bxd4 Bxd4+ 13. Qxd4 Nb8 14. Na4 b5
15. Nc5 Nc6 16. Qe3 Qb6 17. c3 Bb7 18. b4 Rad8 19. Bf3 a5 20. a3 a4 21. Rad1 Nb8
22. Qd4 Nc6 23. Qf2 Ne7 24. Be2 f6 25. Bg4 f5 26. Be2 Bc8 27. Kh1 Qc6 28. Rd3
Rf7 29. Qh4 g6 30. Qg5 Rg7 31. Rfd1 Rf8 32. Qh4 Bd7 33. Qf2 Be8 34. Rg3 Nc8 35.
Qf1 Ne7 36. Nd3 h6 37. Ne1 Nc8 38. Nf3 Na7 39. Nd4 Qb6 40. Rh3 Rh7 41. Bf3 Kh8
42. Be2 Rg8 43. Qe1 Bd7 44. Qh4 Rf8 45. Nf3 Rff7 46. Rg3 Rfg7 47. Qf6 Be8 48.
Rxd5 Qc6 49. Rd6 Qxc3 50. Rxg6 Bf7 51. Rd8+ Bg8 52. Rxg8+ Kxg8 53. Qd8+ Kf7 54.
Rf6# 1-0

[Event "37th World Junior Girls"]
[Site "New Delhi IND"]
[Date "2019.10.17"]
[Round "3.36"]
[White "Savitha, Shri B"]
[Black "Harshini, A"]
[Result "1-0"]
[WhiteTitle "WFM"]
[BlackTitle "WFM"]
[WhiteElo "1916"]
[BlackElo "2230"]
[WhiteFideId "35061887"]
[BlackFideId "25008986"]
[EventDate "2019.10.15"]

1. e4 d6 2. d4 g6 3. Nc3 Bg7 4. Be3 Nf6 5. f3 Nbd7 6. Qd2 c5 7. O-O-O cxd4 8.
Bxd4 O-O 9. g4 a6 10. h4 b5 11. h5 Bb7 12. Kb1 Rc8 13. Nce2 Nxe4 14. Qe1 e5 15.
Be3 Qc7 16. Rc1 Nef6 17. Qh4 Rfe8 18. Ng3 Nf8 19. Bg5 Nd5 20. Ne4 h6 21. Bd2 g5
22. Qe1 Nf4 23. Bb4 Bxe4 24. fxe4 d5 25. Ne2 Nxe2 26. Qxe2 dxe4 27. Bg2 Qc4 28.
Qe1 Nd7 29. Bxe4 Nf6 30. Bf5 Rcd8 31. Rf1 e4 32. Ba5 Rb8 33. Bc3 b4 34. Bxf6
Bxf6 35. Qe3 Bd4 36. Qg3 Be5 37. Qe3 Bd4 38. Qg3 Be5 39. Qe3 Bf4 40. Rxf4 gxf4
41. Qxf4 Qc6 42. g5 Rb6 43. g6 fxg6 44. Bxg6 Re7 45. Rf1 Qc8 46. Qxh6 Rg7 47.
Bf7+ Kf8 48. Qh8+ 1-0

[Event "37th World Junior Girls"]
[Site "New Delhi IND"]
[Date "2019.10.17"]
[Round "3.38"]
[White "Nomindalai, Tumurbaatar"]
[Black "Punsalan, Vyanla M"]
[Result "1-0"]
[WhiteTitle "CM"]
[BlackTitle "WFM"]
[WhiteElo "2061"]
[BlackElo "1964"]
[WhiteFideId "4904095"]
[BlackFideId "4305850"]
[EventDate "2019.10.15"]

1. d4 f5 2. Bf4 Nf6 3. e3 g6 4. Be2 Bg7 5. h4 h6 6. Nc3 d6 7. Qd2 c6 8. f3 b5 9.
a3 Nh5 10. Bh2 e5 11. O-O-O exd4 12. exd4 Qxh4 13. Nxb5 cxb5 14. Bxb5+ Nd7 15.
Re1+ Kd8 16. Ne2 Qg5 17. f4 Qf6 18. Qa5+ Nb6 19. Bc6 Rb8 20. Qxa7 Nd7 21. Qa5+
Nb6 22. Nc3 Bd7 23. Bxd7 Kxd7 24. Qa7+ Kc6 25. Re7 Qxe7 26. Qxe7 Rhe8 27. Qf7
Bxd4 28. Rd1 Be3+ 29. Kb1 Nxf4 30. a4 Re5 31. Nb5 Rxb5 32. axb5+ Kxb5 33. Qb3+ 1-0

[Event "37th World Junior Girls"]
[Site "New Delhi IND"]
[Date "2019.10.17"]
[Round "3.39"]
[White "Shivika, Rohilla"]
[Black "Bakshi, Rutuja"]
[Result "0-1"]
[WhiteElo "1721"]
[BlackElo "2029"]
[WhiteFideId "45015414"]
[BlackFideId "5016509"]
[EventDate "2019.10.15"]

1. e4 e6 2. d4 d5 3. Nd2 c5 4. exd5 exd5 5. Ngf3 Nc6 6. Bb5 Bd6 7. dxc5 Bxc5 8.
Nb3 Bd6 9. O-O Ne7 10. Be3 Bg4 11. h3 Bh5 12. Nbd4 O-O 13. Be2 a6 14. Qd2 Qc7
15. c3 Na5 16. Rfd1 Nc4 17. Bxc4 Qxc4 18. Bf4 Bxf3 19. gxf3 Bxf4 20. Qxf4 Ng6
21. Qg3 Rae8 22. a3 Qc8 23. Re1 Qd7 24. Rad1 f6 25. Nc2 Re5 26. f4 Rxe1+ 27.
Rxe1 Qf5 28. Ne3 Qxf4 29. Rd1 Rd8 30. Nxd5 Qxg3+ 31. fxg3 Kf7 32. Ne3 Rxd1+ 33.
Nxd1 Ke6 34. Kf2 Kd5 35. b3 b5 36. Ke3 Ne5 37. Nf2 a5 38. Kd2 a4 39. Kc2 f5 40.
h4 h6 41. Kb2 g5 42. hxg5 hxg5 43. Kc2 g4 44. Kb2 Nd7 45. Kc2 Nc5 46. b4 Ne4 47.
Nd3 Nxg3 48. Nf4+ Ke4 49. Nd3 Nf1 50. Nf2+ Kf3 51. Nd3 g3 0-1

[Event "37th World Junior Girls"]
[Site "New Delhi IND"]
[Date "2019.10.17"]
[Round "3.41"]
[White "Lohani, Sujana"]
[Black "Ortiz Verdezoto, Anahi"]
[Result "0-1"]
[WhiteTitle "WFM"]
[BlackTitle "WIM"]
[WhiteElo "1671"]
[BlackElo "2055"]
[WhiteFideId "12311987"]
[BlackFideId "3614581"]
[EventDate "2019.10.15"]

1. d4 d5 2. Nf3 Nf6 3. c4 e6 4. g3 Be7 5. Bg2 O-O 6. O-O dxc4 7. Ne5 c5 8. dxc5
Qc7 9. Nxc4 Bxc5 10. Qb3 Nc6 11. Be3 Bxe3 12. Qxe3 Nd5 13. Qc5 b6 14. Qd6 Qxd6
15. Nxd6 Ba6 16. Nd2 Bxe2 17. Rfc1 Ncb4 18. a3 Nd3 19. Rc2 Nc5 20. Bf1 Bxf1 21.
Kxf1 Rfd8 22. N6e4 Nd3 23. Ke2 Ne7 24. Nf3 f5 25. Neg5 e5 26. Rc7 Nd5 27. Rxg7+
Kxg7 28. Ne6+ Kf6 29. Nxd8 Rxd8 30. Kxd3 e4+ 31. Ke2 exf3+ 32. Kxf3 Rc8 33. Rd1
Ke6 34. Rd2 b5 35. Kg2 a5 36. Kh3 b4 37. axb4 axb4 38. Kh4 Rc4+ 39. Kg5 Rg4+ 40.
Kh6 Nf6 41. Re2+ Kf7 0-1

[Event "37th World Junior Girls"]
[Site "New Delhi IND"]
[Date "2019.10.17"]
[Round "3.42"]
[White "Fretel, Liza"]
[Black "Du Plessis, Anika"]
[Result "1-0"]
[BlackTitle "WIM"]
[WhiteElo "1877"]
[BlackElo "1594"]
[WhiteFideId "26045460"]
[BlackFideId "14318610"]
[EventDate "2019.10.15"]

1. d4 d5 2. Bf4 Nf6 3. e3 c5 4. c3 Nc6 5. Nd2 e6 6. Bd3 cxd4 7. exd4 Bd7 8. Ngf3
Qb6 9. Qb3 Qxb3 10. axb3 Nh5 11. Bg3 h6 12. b4 Nxg3 13. hxg3 Bd6 14. b5 Ne7 15.
g4 Rg8 16. O-O Nc8 17. Ne5 Nb6 18. f4 Ke7 19. f5 Bc7 20. Nb3 Bxe5 21. dxe5 Nc4
22. Bxc4 dxc4 23. Nd4 a6 24. b6 a5 25. fxe6 Bxe6 26. Nxe6 Kxe6 27. Rad1 Rgd8 28.
Rd6+ Rxd6 29. exd6 Rd8 30. Rf5 Rxd6 31. Rxa5 Rxb6 32. Rc5 Rxb2 33. Rxc4 Rb6 34.
Kf2 Rc6 35. Re4+ Kd5 36. Re7 Rf6+ 37. Kg3 b6 38. Rd7+ Kc6 39. Re7 Kd6 40. Rb7
Kc6 41. Re7 b5 42. Ra7 Kb6 43. Re7 Rc6 44. Re3 Rc7 45. Kf2 Kc5 46. Ke2 Rd7 47.
Re4 Rd6 48. Rb4 Re6+ 49. Kf2 Ra6 50. Rf4 Ra3 51. Rxf7 Rxc3 52. Rxg7 Kc4 53. Rh7
Kb3 54. Rxh6 b4 55. Rb6 Ka3 56. g5 b3 57. g6 Rc7 58. Ke3 Ka2 59. Kf4 b2 60. g4
Rc4+ 61. Kg5 Rc5+ 62. Kh6 Rc4 63. Kh5 Rc5+ 64. g5 Rc7 65. Kh6 1-0

[Event "37th World Junior Girls"]
[Site "New Delhi IND"]
[Date "2019.10.17"]
[Round "3.44"]
[White "Rousseau, Christilla"]
[Black "Rindhiya, V"]
[Result "1/2-1/2"]
[WhiteElo "1648"]
[BlackElo "1817"]
[WhiteFideId "251801"]
[BlackFideId "25040529"]
[EventDate "2019.10.15"]

1. d4 f5 2. Bf4 Nf6 3. e3 e6 4. c3 d5 5. Nd2 Be7 6. Ngf3 O-O 7. h3 Ne4 8. Bd3 b6
9. Rc1 Bb7 10. Ne5 Nd7 11. Nxd7 Qxd7 12. Nf3 c5 13. Ne5 Qd8 14. O-O Nf6 15. Re1
c4 16. Bf1 b5 17. b3 Qa5 18. Qc2 Rac8 19. b4 Qa3 20. f3 a5 21. bxa5 Qxa5 22. g4
g6 23. Bh6 Rfd8 24. Qf2 Nd7 25. Qg3 Qc7 26. f4 Nxe5 27. fxe5 b4 28. gxf5 exf5
29. Re2 bxc3 30. Rf2 Qd7 31. h4 Kf7 32. Bh3 Rg8 33. Kh2 Qe6 34. Rcf1 Ke8 35. Rg1
Kd7 36. Rb1 Kc7 37. Rc2 Bc6 38. Rxc3 Rb8 39. Rcc1 Rxb1 40. Rxb1 c3 41. Qe1 Ra8
42. Qxc3 Rxa2+ 43. Kg3 Qc8 44. Bg2 Kd7 45. Bf1 Ra7 46. Bb5 Rc7 47. Qb3 Ke6 48.
Bxc6 Rxc6 49. Qb7 Qxb7 1/2-1/2

[Event "37th World Junior Girls"]
[Site "New Delhi IND"]
[Date "2019.10.17"]
[Round "4.1"]
[White "Altantuya, Boldbaatar"]
[Black "Katkov, Michelle"]
[Result "1-0"]
[WhiteTitle "WFM"]
[BlackTitle "WFM"]
[WhiteElo "2277"]
[BlackElo "2106"]
[WhiteFideId "4902785"]
[BlackFideId "2816393"]
[EventDate "2019.10.15"]

1. d4 Nf6 2. Nf3 e6 3. g3 b6 4. Bg2 Bb7 5. c4 Bb4+ 6. Nc3 O-O 7. a3 Bxc3+ 8.
bxc3 d6 9. O-O Nbd7 10. Qc2 e5 11. a4 a5 12. Ba3 Re8 13. Rfd1 Ba6 14. dxe5 dxe5
15. Ng5 Ra7 16. Bc6 Bc8 17. Bd5 Re7 18. Bxe7 Qxe7 19. Bxf7+ Kf8 20. Bd5 Nxd5 21.
Nxh7+ Kg8 22. cxd5 e4 23. Ng5 Qxg5 24. Qxe4 Nf6 25. Qe7 Bd7 26. Qd8+ Kh7 27. Qb8
Nxd5 28. Qxa7 Bc6 29. Qa6 Nf4 30. Rd4 Ng6 31. Qd3 1-0

[Event "37th World Junior Girls"]
[Site "New Delhi IND"]
[Date "2019.10.17"]
[Round "4.2"]
[White "Priyanka, Nutakki"]
[Black "Arpita, Mukherjee"]
[Result "1/2-1/2"]
[WhiteTitle "WIM"]
[BlackTitle "WIM"]
[WhiteElo "2248"]
[BlackElo "2271"]
[WhiteFideId "25049615"]
[BlackFideId "5056403"]
[EventDate "2019.10.15"]

1. c4 e5 2. g3 c6 3. d4 e4 4. Bg2 d5 5. Nc3 Bb4 6. cxd5 cxd5 7. Nh3 Nc6 8. O-O
Nge7 9. a3 Bxc3 10. bxc3 b6 11. f3 exf3 12. Rxf3 O-O 13. Qd3 h6 14. Nf2 Ng6 15.
a4 Be6 16. h4 Re8 17. Bd2 Na5 18. Re1 Nc4 19. e4 Rc8 20. h5 Nf8 21. Rf4 Nxd2 22.
Qxd2 Qg5 23. g4 Bxg4 24. Nxg4 Ne6 25. Nxh6+ Qxh6 26. Rf2 Qxd2 27. Rxd2 Nf4 28.
Re3 Nxh5 29. e5 Nf4 30. Bh1 Re6 31. Rg3 Rec6 32. Rf2 Ne6 33. Rff3 Rc4 34. Re3
Rd8 35. Rh3 Rxa4 36. Rh4 Ra1+ 37. Kf2 Ra2+ 38. Kf1 Ra1+ 39. Kf2 g5 40. Rh5 Ng7
41. Rhh3 Nf5 42. Re2 Kg7 43. Bf3 Rc1 44. Bg4 Nh6 45. Bh5 Rc8 46. Ree3 Rc2+ 47.
Ke1 g4 48. Rhg3 Rh8 49. e6 Nf5 50. Rxg4+ Kf8 51. e7+ Nxe7 52. Rg5 f6 53. Rf3 Rh6
54. Re5 Rh2 55. Bg4 Rg2 56. Rh5 Rxh5 57. Bxh5 f5 58. Re3 Rh2 59. Bf3 a5 60. Re6
Rb2 61. Rd6 a4 62. Rd8+ Kf7 63. Ra8 b5 64. Kd1 Rf2 65. Be2 f4 66. Bxb5 f3 67.
Rxa4 Nf5 68. Ra7+ Kf6 69. Ra8 Kf7 70. Ra7+ Kf6 71. Ra8 Rb2 72. Bd3 Ne3+ 73. Kc1
Rf2 74. Re8 Ng4 75. Rf8+ 1/2-1/2

[Event "37th World Junior Girls"]
[Site "New Delhi IND"]
[Date "2019.10.17"]
[Round "4.3"]
[White "Shuvalova, Polina"]
[Black "Alinasab, Mobina"]
[Result "1/2-1/2"]
[WhiteTitle "WIM"]
[BlackTitle "WIM"]
[WhiteElo "2412"]
[BlackElo "2239"]
[WhiteFideId "24171760"]
[BlackFideId "12528897"]
[EventDate "2019.10.15"]

1. e4 c5 2. Nf3 d6 3. Bb5+ Bd7 4. Bxd7+ Qxd7 5. c4 e5 6. d3 Nc6 7. Nc3 g6 8. h4
h5 9. Bg5 Bg7 10. Nd5 Nce7 11. Nxe7 Nxe7 12. Nd2 Nc6 13. Nb1 Qg4 14. O-O Qxd1
15. Rxd1 Nd4 16. Nc3 f6 17. Bd2 Bh6 18. Bxh6 Rxh6 19. f4 exf4 20. Nd5 Kf7 21.
Nxf4 g5 22. Nd5 gxh4 23. Kh2 Rg8 24. Rd2 Rg3 25. Rf1 Nc6 26. Rf4 Ne5 27. Rxh4
Rxd3 28. Rxd3 Nxd3 29. b3 Ne5 30. Rf4 Ke6 31. Nc7+ Kd7 32. Nd5 Ke6 33. Nc7+ Kd7
34. Nd5 Ke6 35. Nc7+ 1/2-1/2

[Event "37th World Junior Girls"]
[Site "New Delhi IND"]
[Date "2019.10.17"]
[Round "4.7"]
[White "Mrudul, Dehankar"]
[Black "Antova, Gabriela"]
[Result "1/2-1/2"]
[WhiteTitle "WCM"]
[BlackTitle "FM"]
[WhiteElo "2227"]
[BlackElo "2318"]
[WhiteFideId "25096990"]
[BlackFideId "2915235"]
[EventDate "2019.10.15"]

1. e4 c5 2. Nf3 d6 3. d4 cxd4 4. Nxd4 Nf6 5. Nc3 a6 6. Bg5 e6 7. f4 h6 8. Bh4
Qb6 9. a3 Be7 10. Bf2 Qc7 11. Qf3 Nbd7 12. O-O-O b5 13. g4 Bb7 14. Bg2 g5 15.
Qh3 O-O-O 16. f5 e5 17. Nb3 h5 18. gxh5 Rxh5 19. Qg3 Rdh8 20. h3 Kb8 21. Be3 Rc8
22. Rd2 Rg8 23. Rdd1 Rh4 24. Qe1 Bd8 25. Bf2 Rh6 26. Nd5 Nxd5 27. exd5 Qc4 28.
Kb1 Qa4 29. Qd2 Qf4 30. Be3 Qxf5 31. Rhf1 Qg6 32. Na5 Bxa5 33. Qxa5 f5 34. a4
bxa4 35. Rd3 f4 36. Rc3 Rc8 37. Rxc8+ Kxc8 38. Bg1 e4 39. Rd1 e3 40. Qxa4 Nc5
41. Qc4 Kd8 42. Re1 Qe8 43. Qd4 Qe5 44. Bxe3 fxe3 45. Qxe5 dxe5 46. Rxe3 Nd7 47.
Rb3 Bc8 48. Rg3 Rg6 49. c4 Ke7 50. Kc2 Nf6 51. Re3 Kd6 52. c5+ Kxc5 53. Rc3+ Kd4
54. Rd3+ Kc5 55. Rc3+ Kd4 56. Rd3+ Kc5 57. Rc3+ Kd4 1/2-1/2

[Event "37th World Junior Girls"]
[Site "New Delhi IND"]
[Date "2019.10.17"]
[Round "4.9"]
[White "Tsolakidou, Stavroula"]
[Black "Cervantes Landeiro, Thalia"]
[Result "1-0"]
[WhiteTitle "IM"]
[BlackTitle "WIM"]
[WhiteElo "2431"]
[BlackElo "2176"]
[WhiteFideId "4264312"]
[BlackFideId "3520498"]
[EventDate "2019.10.15"]

1. d4 d5 2. Nf3 Nf6 3. c4 dxc4 4. e3 a6 5. Bxc4 e6 6. O-O c5 7. Bd3 Nc6 8. Nc3
cxd4 9. exd4 Be7 10. Bg5 h6 11. Bf4 O-O 12. Rc1 Bd6 13. Qd2 Bxf4 14. Qxf4 Nb4
15. Be4 Bd7 16. Ne5 Nxe4 17. Qxe4 Bc6 18. Nxc6 Nxc6 19. Rfd1 Qg5 20. d5 exd5 21.
Qxd5 Qxd5 22. Nxd5 Rfd8 23. Kf1 Kf8 24. Ne3 Rxd1+ 25. Rxd1 Rd8 26. Rxd8+ Nxd8
27. Ke2 Ke7 28. Kd3 Ne6 29. Ke4 Kd6 30. Nf5+ Kc5 31. Ke5 b5 32. h4 Kc4 33. Ke4
Nc5+ 34. Ke3 Kd5 35. Nxg7 Na4 36. Nf5 Nxb2 37. Kd2 Nc4+ 38. Kc3 h5 39. Ng3 Nd6
40. f3 a5 41. Nxh5 Nf5 42. Nf4+ Ke5 43. Nd3+ Kf6 44. h5 Nh4 45. Kd4 Nxg2 46. Kc5
Kg5 47. Kxb5 Kxh5 48. Kxa5 Kg5 49. Kb5 Kf5 50. a4 Ke6 51. Kc6 Nh4 52. a5 Nxf3
53. a6 Nd4+ 54. Kb6 1-0

[Event "37th World Junior Girls"]
[Site "New Delhi IND"]
[Date "2019.10.17"]
[Round "4.11"]
[White "Potapova, Margarita"]
[Black "Afraoui, Anaelle"]
[Result "0-1"]
[WhiteTitle "WFM"]
[BlackTitle "WFM"]
[WhiteElo "2377"]
[BlackElo "2106"]
[WhiteFideId "14126869"]
[BlackFideId "20654383"]
[EventDate "2019.10.15"]

1. d4 Nf6 2. c4 d6 3. Nf3 g6 4. Nc3 Bg7 5. e4 O-O 6. h3 Nbd7 7. Be3 e5 8. d5 Nc5
9. Nd2 a5 10. g4 Nfd7 11. h4 h6 12. Be2 Re8 13. Nf1 b6 14. Qd2 Kh7 15. Ng3 Nf8
16. O-O-O Qe7 17. Kb1 Nfd7 18. Rdg1 Rh8 19. Rh2 Kg8 20. Rhg2 Ba6 21. f3 Kh7 22.
Qd1 Rad8 23. Bc1 Kg8 24. Qd2 Qxh4 25. Nd1 Nf8 26. Ne3 Bc8 27. Qd1 Qf6 28. Ka1
Bd7 29. Bd2 Bc8 30. Qc1 Rh7 31. Nef5 Bxf5 32. g5 Qe7 33. gxh6 Bc8 34. hxg7 Kxg7
35. Rh1 Kg8 36. Rxh7 Nxh7 37. Qh1 f6 38. Rh2 g5 39. Bf1 Qg7 40. Bh3 Bxh3 41.
Rxh3 Rd7 42. Nf5 Qf8 43. Rg3 Kh8 44. Qh5 Qf7 45. Qg4 Rd8 46. Rh3 Re8 47. Kb1 Rf8
48. Kc2 Re8 49. Be3 Nd7 50. Nh6 Qg7 51. b3 Ndf8 52. Nf5 Qf7 53. Rh6 Ra8 54. a3
Rb8 55. Kb2 Ra8 56. Rh1 Qd7 57. Qh5 Qe8 58. Qh6 Qg6 59. Qh2 Qf7 60. Ng3 Qg6 61.
Qh3 Kg8 62. Bd2 Qe8 63. Nf5 Kh8 64. Bc3 Qf7 65. Rg1 Ng6 66. Qh5 Rf8 67. Qg4 Nf4
68. Bd2 Qh5 69. Qxh5 Nxh5 70. b4 axb4 71. axb4 Ra8 72. Be3 Ra4 73. Kb3 Ra8 74.
c5 bxc5 75. bxc5 dxc5 76. Kc4 Kg8 77. Kxc5 Ra3 78. Bd2 Rxf3 79. Kc6 Rd3 80. Ba5
Ra3 81. Bxc7 Rc3+ 82. Kb7 Nf4 83. d6 Ne6 84. Rd1 Nhf8 85. Ne7+ Kf7 86. Nd5 Rc2
87. Kc8 Nc5 88. Rh1 Ncd7 89. Re1 Rc4 90. Re2 g4 91. Re3 Ke6 92. Ne7 Nc5 93. Kd8
Nxe4 94. Nc8 f5 95. Ke8 Nxd6+ 96. Nxd6 Rxc7 97. Kd8 Rd7+ 0-1

[Event "37th World Junior Girls"]
[Site "New Delhi IND"]
[Date "2019.10.17"]
[Round "4.15"]
[White "Gomez Barrera, Javiera Belen"]
[Black "Diakonova, Ekaterina"]
[Result "0-1"]
[WhiteTitle "WIM"]
[WhiteElo "2033"]
[BlackElo "2231"]
[WhiteFideId "3418723"]
[BlackFideId "24172936"]
[EventDate "2019.10.15"]

1. e4 c6 2. d4 d5 3. e5 Bf5 4. h4 h5 5. Bd3 Bxd3 6. Qxd3 Qa5+ 7. Nd2 e6 8. Nf3
Ne7 9. c4 dxc4 10. Qxc4 Nd7 11. O-O Nf5 12. Ne4 Be7 13. Bg5 Qd5 14. Qd3 Bxg5 15.
Nexg5 Nb6 16. Rfd1 Qd7 17. Ne4 Qe7 18. g3 O-O-O 19. Rab1 Rd5 20. Nc3 Rd7 21. Qe4
Rhd8 22. b4 Kb8 23. a4 Nd5 24. Na2 a5 25. bxa5 Qa3 26. Qe2 Qxa4 27. Qb2 Qxa5 28.
Nd2 b5 29. Nb3 Qb6 30. Nc5 Ra7 31. Ra1 Kc7 32. Nb4 Rxa1 33. Nxd5+ Rxd5 34. Qxa1
Nxd4 35. Rxd4 Qxc5 36. Rxd5 exd5 37. Qd1 g6 38. Qf3 Qe7 39. Qe3 c5 40. Qa3 Kb7
41. Qa5 Qd7 42. Kf1 d4 43. Ke1 Qc6 44. Kd2 Qb6 45. Qa2 c4 0-1

[Event "37th World Junior Girls"]
[Site "New Delhi IND"]
[Date "2019.10.17"]
[Round "4.18"]
[White "Salimova, Nurgyul"]
[Black "Nomindalai, Tumurbaatar"]
[Result "1/2-1/2"]
[WhiteTitle "FM"]
[BlackTitle "CM"]
[WhiteElo "2415"]
[BlackElo "2061"]
[WhiteFideId "2915138"]
[BlackFideId "4904095"]
[EventDate "2019.10.15"]

1. e4 d6 2. d4 Nf6 3. Nc3 e5 4. Nf3 Nbd7 5. g4 h6 6. Rg1 c6 7. h4 g6 8. Be3 Qa5
9. Nd2 b5 10. a3 a6 11. Be2 Bg7 12. f4 h5 13. g5 Ng4 14. Bxg4 hxg4 15. dxe5 dxe5
16. f5 Rxh4 17. fxg6 fxg6 18. Qe2 Nf8 19. Qf2 g3 20. Rxg3 Qc7 21. O-O-O Be6 22.
Bb6 Qf7 23. Nf3 Rh8 24. Kb1 Rc8 25. Ba5 Qf4 26. Ne2 Qxe4 27. Nd2 Qd5 28. Nc3 Qd4
29. Qe1 Bg4 30. Rd3 Qf4 31. Nde4 Ra8 32. Nd6+ Ke7 33. Rd4 Qf3 34. Bb4 Rh1 35.
Qxh1 Qxh1 36. Rxh1 exd4 37. Nce4 a5 38. Nf5+ Kd8 39. Bxf8 Bxf8 40. Nxd4 Kc7 41.
Nf6 Bc8 42. Rh8 Bc5 43. Ne6+ Bxe6 44. Rxa8 Bc8 45. b4 Be3 46. a4 axb4 47. axb5
Bf5 48. bxc6 Kxc6 49. Kb2 Bxg5 50. Rf8 Bh6 51. Rf7 Bd2 52. Nh7 Bc3+ 53. Kc1 Be6
54. Rf1 Bg7 55. Ng5 Bh6 56. Rg1 Bf5 57. Kb2 Kb5 58. Kb3 Kc5 59. c3 bxc3 60. Kxc3 1/2-1/2